• 首页
  • 本馆介绍
  • 公告通知
  • 最新文献
  • 馆藏检索
  • 电子资源
  • 读者导购
  • 参考咨询
  • 我的图书馆
  • 登录
  • 详细信息显示
  • 放入我的书架
  • 预约/预借图书
  • 作者相关作品
  • 分类相关作品
  • 丛书相关作品
  • 出版社相关作品

书目信息

  • 表格格式
  • 工作单格式
  • 卡片格式
题名:
体能训练原理与实践
    
 
作者: 李笋南 , 齐光涛 著
分册:  
出版信息: 北京   北京体育大学出版社  2012
页数: 278页
开本: 23cm
丛书名:
单 册:
中图分类: G808.14 , G308
科图分类:
主题词: 身体训练--研究 , 科学研究--理论
电子资源:
ISBN: 978-7-5644-0904-3
000 01006nam0 2200289 450
001 1534407123
005 20150706093453.23
010    @a978-7-5644-0904-3@dCNY32.00
090    @aG808@blsn
096    @aG806@blsn
100    @a20130402d2012 em y0chiy50 ea
101 0  @achi
102    @aCN@b110000
105    @aa z 000yy
106    @ar
200 1  @a体能训练原理与实践@b专著@f李笋南,齐光涛著@Ati neng xun lian yuan li yu shi jian
210    @a北京@c北京体育大学出版社@d2012
215    @a278页@c图@d23cm
330    @a本书阐述了我国当前竞技体能训练发展中存在的问题以及竞技体能训练的科学体系,涉及体能训练的发展脉络、学科基础知识、体能训练的评价体系和训练安排的阶段和长期训练计划等内容。
606 0  @a身体训练@x研究
606 0  @a科学研究@x理论
690    @aG808.14@v5
690    @aG308@v4
701  0 @a李笋南@f(1973~)@4著@Ali sun nan
701  0 @a齐光涛@f(1982~)@4著@Aqi guang tao
801  0 @aCN@b大连网信软件有限公司图书馆·11@c20150706
905    @a213230@dG308@et28
    
    体能训练原理与实践/李笋南,齐光涛著.-北京:北京体育大学出版社,2012
    278页:图;23cm
    
    
    ISBN 978-7-5644-0904-3:CNY32.00
    本书阐述了我国当前竞技体能训练发展中存在的问题以及竞技体能训练的科学体系,涉及体能训练的发展脉络、学科基础知识、体能训练的评价体系和训练安排的阶段和长期训练计划等内容。
●
相关链接 在E读中查询图书 在五车中查询图书 在当当中查询图书 在豆瓣中查询图书


正题名:体能训练原理与实践     索取号:G308/t28         预约/预借

序号 登录号 条形码 馆藏地/架位号 状态 备注
1 6940251   269402513   体育系资料室/ [索取号:G308/t28] 在馆    
2 6940252   269402522   密集书库-体育系/ [索取号:G308/t28] 在馆    
3 6940253   269402531   密集书库-体育系/ [索取号:G308/t28] 在馆    
唐山师范学院图书馆 欢迎您!
大连网信软件有限公司© 版权所有